| 000 | 01462cad a22002055a 4500 | ||
|---|---|---|---|
| 001 | L153861 | ||
| 008 | 110914s2011 xxk f 000 0 eng d | ||
| 035 | _a(Sirsi) u153861 | ||
| 041 | 0 | _aeng | |
| 110 | 2 |
_aSCI-Network _95976 |
|
| 245 | 0 | 0 |
_aWhole life costing _bpreliminary report on available tools and guidance, barriers to implementing WLC, income streams, future forecasting of energy prices _h[electronic resource] |
| 260 |
_aLondon _bSCI-Network _c2011 |
||
| 520 | _aSCI-Network is a network of European cities and other public authorities working together to find new, innovative and sustainable solutions for their public construction projects. This report covers whole life costing (WLC) in member states, whole life and life cycle costs, available WLC tools, barriers to implementing whole life costing, the use of income streams in WLC decisions, feed-in tariffs, the white certificate scheme in Italy, forecasting future energy and utility costs in whole life costing, forecasting of market prices, and the operating energy costs of buildings. | ||
| 590 | _aKA NTK | ||
| 651 | 4 | _aEurope | |
| 690 |
_aProcurement _96260 |
||
| 690 | _aMANAGEMENT-BUSINESS MANAGEMENT-COST MANAGEMENT-COST ANALYSIS-LIFE CYCLE COSTING | ||
| 856 | 4 | 0 |
_uhttps://www.sci-network.eu/fileadmin/templates/sci-network/files/Resource_Centre/Reports/State_of_the_Art_report_Whole_Life_Costing.pdf _zView the report free of charge (PDF file) at www.sci-network.eu |
| 942 | _n0 | ||
| 999 |
_c112732 _d112732 |
||